Data base of Indian economy (Record no. 1450277)

MARC details
000 -LEADER
fixed length control field 00611nam a2200217Ia 4500
005 - DATE AND TIME OF LATEST TRANSACTION
control field 20250923145339.0
008 - FIXED-LENGTH DATA ELEMENTS--GENERAL INFORMATION
fixed length control field 008 250917s9999 xx 000 0 eng d
037 ## - SOURCE OF ACQUISITION
Stock number Textual
040 ## - CATALOGING SOURCE
Original cataloging agency DSWL
Language of cataloging eng
Transcribing agency DSWL
041 ## - LANGUAGE CODE
Language code of text/sound track or separate title eng
Source of code eng
084 ## - COLON CLASSIFICATION NUMBER
Classification number Xx2, N75;2
Assigning agency DSWL
245 #0 - TITLE STATEMENT
Title Data base of Indian economy
Statement of responsibility, etc. Ed. by V.M. Dandekar
260 ## - PUBLICATION, DISTRIBUTION, ETC.
Place of publication, distribution, etc. Calcutta
Name of publisher, distributor, etc. Statistical Pub. Society
Date of publication, distribution, etc. 1975
300 ## - PHYSICAL DESCRIPTION
Extent x,422p.
365 ## - TRADE PRICE
Price type code INR
Price amount 58 . 50
490 ## - SERIES STATEMENT
Volume/sequential designation Vol. II
700 ## - ADDED ENTRY--PERSONAL NAME
Personal name P. Venkataramaiah
9 (RLIN) 834327
925 ## -
-- 58 . 50
942 ## - ADDED ENTRY ELEMENTS (KOHA)
Koha item type Textual
Classification part Xx2, N75;2
Holdings
Withdrawn status Lost status Damaged status Not for loan Home library Current library Date acquired Source of acquisition Inventory number Total Checkouts Full call number Barcode Date last seen Price effective from Koha item type
        Department of Social Work Library Department of Social Work Library 2025-09-23 Atma Ram & Sons 9055 16/07/1976   Xx2, N75;2 SW0017613 2025-09-23 2025-09-23 Textual
Copyright @ Delhi University Library System